000 00831nam a2200241Ia 4500
003 OSt
005 20221005112857.0
006 a|||||r|||| 00| 0
007 ta
008 221004b |||||||| |||| 00| 0 pan d
020 _a8181380495 (hbk)
_c240
024 _a105542
037 _b7830/II/A, 31/01/2011, Arsee Publishers
_cTextual
040 _aCRL
_cCRL
_bpan
041 _2pan
_apan
082 _aQ8441:g, 153P9
100 _aਗਿਲ, ਮਹਿੰਦਰ ਕੌਰ
245 0 _aਰਚਨਾ ੑ ਰਚੈਤਾ ਰੂਬਰੂ
260 _aਦਿੱਲੀ
_bਐਮ. ਪੀ. ਪ੍ਰਕਾਨ ਭਾਰਤ
_c2009
300 _a144ਪੰ
_ccm.
942 _hQ8441:g, 153P9
_cTEXL
_2cc
999 _c1026288
_d1026288